000
00316nam a22001457a 4500
020
_a
0-8247-4063-7
041
_a
ENG
100
_a
Karel.M
245
_a
Physical Principles Of Food Preservation
260
_a
New York
_b
CBC
_c
2014
300
_a
603
650
_a
APE
700
_a
Lund.D.B
856
_u
APE ( 42 )
999
_c
1610
_d
1610